Труды (Запись № 7421777)

Подробности
000 -МАРКЕР
контрольное поле 01509nam1a22002651i 4500
001 - ИДЕНТИФИКАТОР ЗАПИСИ
контрольное поле rc\3038483
005 - ИДЕНТИФИКАТОР ВЕРСИИ
контрольное поле 20240726045346.0
035 ## - ДРУГИЕ СИСТЕМНЫЕ НОМЕРА
Идентификатор записи (NLR Aleph) 007178911
100 ## - ДАННЫЕ ОБЩЕЙ ОБРАБОТКИ
Данные общей обработки 20111005d1935 |||y0rusy50 ca
101 0# - ЯЗЫК РЕСУРСА
Язык текста, звукозаписи и т.д. русский
102 ## - СТРАНА ПУБЛИКАЦИИ ИЛИ ПРОИЗВОДСТВА
Страна публикации Российская Федерация
105 ## - ПОЛЕ КОДИРОВАННЫХ ДАННЫХ: ТЕКСТОВЫЕ МАТЕРИАЛЫ, МОНОГРАФИЧЕСКИЕ
Кодированные данные о монографическом текстовом документе y z |||||
200 1# - ЗАГЛАВИЕ И СВЕДЕНИЯ ОБ ОТВЕТСТВЕННОСТИ
Основное заглавие Труды
Сведения, относящиеся к заглавию Т. 1-
Первые сведения об ответственности Ред. коллегия Ежкова, А.Г. (отв. ред.), Кеворков Н.П. (отв. секр.), Райхштейн Л.И. ... [и др.]
Последующие сведения об ответственности Узбекист. гос. науч.-исслед. ин-т ортопедии, травматологии и костного туберкулеза Наркомздрава Узбекистана)
210 ## - ПУБЛИКАЦИЯ, РАСПРОСТРАНЕНИЕ И ДР.
Место издания, распространения и т.д. Ташкент
Имя издателя, распространителя и т. д. Узбекист. гос. науч.-исслед. ин-т ортопедии, травматологии и костного туберкулеза
Дата издания, распространения и т.д. 1935
215 ## - ФИЗИЧЕСКАЯ ХАРАКТЕРИСТИКА
Размеры 26 см
300 ## - ОБЩИЕ ПРИМЕЧАНИЯ
Текст примечания На обл.: Наркомздрав УзССР. Институт ортопедии, травматологии и костного туберкулеза
702 #1 - ИМЯ ЛИЦА - ВТОРИЧНАЯ ОТВЕТСТВЕННОСТЬ
Начальный элемент ввода Ежкова
Часть имени, кроме начального элемента ввода А.Г.
Код отношения Редактор
702 #1 - ИМЯ ЛИЦА - ВТОРИЧНАЯ ОТВЕТСТВЕННОСТЬ
Начальный элемент ввода Кеворков
Часть имени, кроме начального элемента ввода Н.П.
Код отношения Редактор
702 #1 - ИМЯ ЛИЦА - ВТОРИЧНАЯ ОТВЕТСТВЕННОСТЬ
Начальный элемент ввода Райхштейн
Часть имени, кроме начального элемента ввода Л.И.
Код отношения Редактор
710 02 - НАИМЕНОВАНИЕ ОРГАНИЗАЦИИ - ПЕРВИЧНАЯ ОТВЕТСТВЕННОСТЬ
Начальный элемент ввода Узбекистанский научно-исследовательский институт ортопедии, травматологии и костного туберкулеза
Идентифицирующий признак Ташкент
801 #0 - ИСТОЧНИК ЗАПИСИ
Страна Российская Федерация
Организация NLR
Правила каталогизации psbo
801 #1 - ИСТОЧНИК ЗАПИСИ
Страна Российская Федерация
Организация ELAR
Источник данных rusmarc
852 ## - МЕСТОНАХОЖДЕНИЕ И ШИФР ХРАНЕНИЯ
Идентификатор организации NLR
Шифр хранения (Call Number) 35-19/277
942 ## - ДОПОЛНИТЕЛЬНЫЕ ЭЛЕМЕНТЫ ЗАПИСИ (АБИС)
Тип экземпляра АБИС Книга

Нет доступных экземпляров.